000 00850nas a2200265 4500
001 BR8806312
003 BR-BrBNA
005 20231205091328.0
007 ta
008 230509b bl.|||p| |||| 00| 00por d
040 _aBR-BrBNA
_bpor
_cBiblioteca Nacional de Agricultura
041 _a(Pt)
072 _aH20
100 1 _aFukuda, C.
100 1 _aRomeiro, R. da S.
100 1 _aTeles, J.S.O.
245 1 _aQuantificacao de acido cianidrico em variedades de mandioca com diferentes graus de resistencia a Xanthomonas campestris patovar manihotis
650 _aMANDIOCA
650 _aACIDO PRUSSICO
650 _aBACTERIOSE
650 _aPODRIDAO NEGRA
773 0 _tRevista Brasileira de Mandioca (Brazil)
_xISSN 0101-563X
_g(Dec 1985), v. 4(2) p. 81-87
_wBR8806312
909 _a202311
_bLúcia
_c55
_dLúcia Elande
942 _2AGRIS
_n0
_cANA
999 _c124389
_d124389